[Event "RUS-ch Men Blitz 2019"]
[Site "Sochi"]
[Date "2019.10.17"]
[Round "8.19"]
[White "Shubin, Kirill"]
[Black "Sadovsky, Artem"]
[Result "0-1"]
[WhiteElo "2416"]
[BlackElo "2411"]
[Annotator "NA"]
[PlyCount "120"]
[EventDate "2019.10.17"]
[EventType "swiss"]
[EventCountry "RUS"]
[SourceTitle "playchess.com"]
[Source "ChessBase"]
[SourceQuality "1"]
[TimeControl "180+2"]

1. e4 {[%emt 0:00:00]} g6 {[%emt 0:00:00]} 2. d4 {[%emt 0:00:00]} Bg7 {[%emt 0:00:00]} 3. Nf3 d6 4. Nc3 {[%emt 0:00:02]} e5 {[%emt 0:00:02]} 5. dxe5 {[%emt 0:00:02]} dxe5 {[%emt 0:00:01]} 6. Qxd8+ {[%emt 0:00:02]} Kxd8 {[%emt 0:00:01]} 7. Bc4 {[%emt 0:00:01]} f6 {[%emt 0:00:01]} 8. Be3 {[%emt 0:00:05]} Nd7 {[%emt 0:00:01]} 9. O-O-O {[%emt 0:00:03]} Bh6 {[%emt 0:00:01]} 10. Bxh6 {[%emt 0:00:17]} Nxh6 {[%emt 0:00:01]} 11. Rd2 {[%emt 0:00:02]} c6 {[%emt 0:00:04]} 12. Rhd1 {[%emt 0:00:02]} Kc7 {[%emt 0:00:06]} 13. a4 {[%emt 0:00:15]} a5 {[%emt 0:00:09]} 14. Rd6 {[%emt 0:00:20]} Nb6 {[%emt 0:00:32]} 15. Be6 {[%emt 0:00:09]} Rf8 {[%emt 0:00:10]} 16. Bxc8 {[%emt 0:00:11]} Raxc8 {[%emt 0:00:01]} 17. b3 {[%emt 0:00:08]} Nd5 {[%emt 0:00:52]} 18. Nb5+ {[%emt 0:00:01]} cxb5 {[%emt 0:00:25]} 19. R1xd5 {[%emt 0:00:05]} bxa4 {[%emt 0:00:08]} 20. Rd7+ {[%emt 0:00:07]} Kb8 {[%emt 0:00:05]} 21. Rxh7 {[%emt 0:00:08]} axb3 {[%emt 0:00:11]} 22. Rdd7 {[%emt 0:00:10]} Rxc2+ {[%emt 0:00:04]} 23. Kb1 {[%emt 0:00:02]} Nf7 {[%emt 0:00:07]} 24. Rhxf7 {[%emt 0:00:35]} Rxf7 {[%emt 0:00:01]} 25. Rxf7 {[%emt 0:00:02]} a4 {[%emt 0:00:00]} 26. Rd7 {[%emt 0:00:06]} a3 {[%emt 0:00:07]} 27. Rd1 {[%emt 0:00:05]} Rxf2 {[%emt 0:00:03]} 28. Nd2 {[%emt 0:00:12]} Rxg2 {[%emt 0:00:00]} 29. Ka1 {[%emt 0:00:02]} b2+ {[%emt 0:00:06]} 30. Ka2 {[%emt 0:00:02]} Rxh2 {[%emt 0:00:03]} 31. Nc4 {[%emt 0:00:05]} Re2 {[%emt 0:00:11]} 32. Nxa3 {[%emt 0:00:13]} Rxe4 {[%emt 0:00:01]} 33. Nb5 {[%emt 0:00:04]} b1=Q+ {[%emt 0:00:13]} 34. Rxb1 {[%emt 0:00:01]} Re2+ {[%emt 0:00:03]} 35. Kb3 {[%emt 0:00:02]} Rf2 {[%emt 0:00:13]} 36. Kc4 {[%emt 0:00:07]} e4 {[%emt 0:00:03]} 37. Kc5 {[%emt 0:00:06]} Rc2+ {[%emt 0:00:02]} 38. Kd4 {[%emt 0:00:05]} f5 {[%emt 0:00:00]} 39. Rg1 {[%emt 0:00:05]} Rc6 {[%emt 0:00:01]} 40. Nc3 {[%emt 0:00:03]} Re6 {[%emt 0:00:02]} 41. Nd5 {[%emt 0:00:01]} Rc6 {[%emt 0:00:05]} 42. Nf4 {[%emt 0:00:06]} b5 {[%emt 0:00:03]} 43. Nxg6 {[%emt 0:00:03]} Rc4+ {[%emt 0:00:02]} 44. Kd5 {[%emt 0:00:04]} e3 {[%emt 0:00:01]} 45. Ne5 {[%emt 0:00:01]} Re4 {[%emt 0:00:01]} 46. Nd3 {[%emt 0:00:03]} e2 {[%emt 0:00:03]} 47. Re1 b4 48. Rb1 {[%emt 0:00:05]} Kc7 {[%emt 0:00:02]} 49. Re1 {[%emt 0:00:03]} b3 {[%emt 0:00:00]} 50. Rb1 {[%emt 0:00:02]} Re3 {[%emt 0:00:04]} 51. Kd4 {[%emt 0:00:01]} f4 {[%emt 0:00:02]} 52. Nxf4 {[%emt 0:00:03]} e1=Q {[%emt 0:00:02]} 53. Rxe1 {[%emt 0:00:02]} Rxe1 {[%emt 0:00:02]} 54. Kc3 {[%emt 0:00:01]} Re3+ {[%emt 0:00:02]} 55. Kb2 {[%emt 0:00:00]} Kc6 {[%emt 0:00:02]} 56. Ka3 {[%emt 0:00:03]} Kc5 {[%emt 0:00:02]} 57. Kb2 {[%emt 0:00:01]} Kc4 {[%emt 0:00:01]} 58. Kb1 {[%emt 0:00:02]} Rf3 {[%emt 0:00:01]} 59. Ne2 {[%emt 0:00:01]} Rf2 {[%emt 0:00:02]} 60. Nc1 {[%emt 0:00:01]} Kc3 0-1

[Event "RUS-ch Men Blitz 2019"]
[Site "Sochi"]
[Date "2019.10.17"]
[Round "8.20"]
[White "Zakhartsov, Vladimir"]
[Black "Chekletsov, Ilya"]
[Result "1-0"]
[WhiteElo "2514"]
[BlackElo "2377"]
[Annotator "TA"]
[PlyCount "107"]
[EventDate "2019.10.17"]
[EventType "swiss"]
[EventCountry "RUS"]
[SourceTitle "playchess.com"]
[Source "ChessBase"]
[SourceQuality "1"]

{[%evp 9,137,30,32,32,62,62,75,66,59,60,77,83,80,83,86,66,62,66,105,79,100,52,146,154,537,278,291,291,264,265,271,234,358,262,796,124,121,72,75,75,69,67,85,0,0,0,70,60,69,66,90,30,82,34,37,43,99,0,134,-10,0,0,0,16,96,96,108,106,108,92,102,0,102,109,93,91,96,89,118,118,112,112,210,219,211,172,222,220,165,179,283,111,111,111,239,185,159,117,117,69,69,69,69,69,69,69,69,69,69,36,36,36,69,8,69,69,69,69,69,62,69,69,69,62,62,69,69,69,69,69]} 1. g3 Nf6 2. Bg2 c5 3. c4 Nc6 4. Nc3 b6 (4... g6 5. e4 Bg7 6. Nge2 O-O 7. O-O Ne8 8. d3 Nc7 9. f4 Ne6 10. h3 a6 11. a4 d6 12. f5 Ned4 13. g4 Rb8 14. Nxd4 Nxd4 15. Nd5 b5 16. axb5 axb5 17. Bg5 {1-0 (46) Bernadskiy,V (2594)-Donchenko,A (2615) Riga 2019}) 5. e3 Bb7 6. Nge2 {A36: Symmetrical English vs ...g6: 4 Bg2 Bg7} e6 7. O-O Be7 8. d4 {White is better.} cxd4 9. exd4 Na5 10. d5 $1 Nxc4 $146 ({Predecessor:} 10... Qb8 11. Qd3 a6 12. Rb1 Qc7 13. b3 O-O {1-0 (24) Hunkemoeller,J (1333)-Keil,H (1394) Germany 2006}) 11. dxe6 Bxg2 12. exf7+ Kxf7 13. Kxg2 Qc7 14. Kg1 Qc6 15. Nd4 Qd6 (15... Qc5 $14) 16. Bf4 Ne5 $2 (16... Qc5 $16 {is more resistant.}) 17. Bxe5 (17. Re1 Qxd4 18. Bxe5 (18. Rxe5 Qxd1+ 19. Rxd1 Rhe8 $14) 18... Qxd1 $16) 17... Qxe5 18. Re1 Qc5 19. Qb3+ $1 d5 20. Ne6 Qb4 (20... Qc4 $142 21. Ng5+ Kf8) 21. Qd1 d4 $2 (21... Rhd8 22. Nxd8+ Rxd8) 22. Nxd4 $2 (22. Ng5+ $18 Ke8 23. Qf3) 22... Rhd8 $16 23. Qb3+ Qxb3 24. Nxb3 Bb4 25. Rec1 a5 {With the idea ...a4.} 26. a3 (26. Nb5 $16) 26... Bxc3 $1 $11 27. bxc3 a4 (27... Rac8 $11) 28. Nd4 $14 Rac8 29. Rab1 Rc4 30. Nb5 (30. Nf3 $16 Kf8 31. Rxb6) 30... Rd2 (30... Rd5 $11) 31. Rd1 (31. Rb4 {keeps more tension.} Rc5 32. Nd4 Nd5 33. Rxa4 Nxc3 34. Ra7+) 31... Rxd1+ $1 32. Rxd1 {[%mdl 4096] Endgame KRN-KRN} Rc5 {[#]} ({Better is} 32... Ke7 $14) 33. Rb1 (33. c4 $1 $16 {[%mdl 512]}) 33... Nd5 {[#]} (33... Kg6 $11) 34. Rb2 (34. c4 $1 $16 {[%cal Rc4d5][%mdl 512]} Ne7 (34... Rxc4 35. Nd6+) 35. Rb4) 34... Nxc3 35. Nd6+ {[%mdl 64] Discovered Attack} Ke7 36. Rxb6 Rd5 (36... Kd7 $11 {remains equal.}) 37. Nc4 $16 Nb5 38. Ra6 Nc3 39. Ra7+ Kf6 40. Ra6+ Ke7 $1 41. Kg2 Rd4 42. Ra7+ Kf6 43. Rc7 {Threatens to win with Rc6+.} Nb5 44. Rc6+ Ke7 45. Rc5 Nc3 {[#]} (45... Ke6 $16 46. h4 (46. Rxb5 Rxc4 47. Ra5 g6 $16) 46... g6 47. Rxb5 Rxc4) 46. Ne3 $1 $18 {[%cal Re3f5] aiming for Nf5+.} Ne4 47. Ra5 {Strongly threatening Nf5+.} g6 48. Ra7+ Ke6 49. Rxh7 Rd3 (49... Rd2 $142) 50. Ra7 $2 (50. Rh4 $18 {has better winning chances.} Rd4 51. Rg4) 50... Rxa3 $16 51. Ra6+ Kd7 (51... Kf7 $16) 52. Nc4 Ra2 53. Kf3 ({Don't take} 53. Rxg6 $6 Rxf2+ 54. Kg1 Ra2 $14) 53... Nxf2 {[#]} 54. h4 {Played: Ra6xa4} 1-0

[Event "RUS-ch Men Blitz 2019"]
[Site "Sochi"]
[Date "2019.10.17"]
[Round "8.21"]
[White "Savchenko, Boris"]
[Black "Smagin, Sergey"]
[Result "1-0"]
[WhiteElo "2581"]
[BlackElo "2551"]
[Annotator "RC"]
[PlyCount "39"]
[EventDate "2019.10.17"]
[EventType "swiss"]
[EventCountry "RUS"]
[SourceTitle "playchess.com"]
[Source "ChessBase"]
[SourceQuality "1"]
[TimeControl "180+2"]

1. e4 {[%emt 0:00:01]} e5 {[%emt 0:00:00]} 2. f4 {[%emt 0:00:02]} exf4 {[%emt 0:00:00]} 3. Nf3 {[%emt 0:00:02]} g5 {[%emt 0:00:00]} 4. Nc3 {[%emt 0:00:03]} Bg7 {[%emt 0:00:01]} 5. d4 {[%emt 0:00:03]} Nc6 {[%emt 0:00:03]} 6. Bc4 {[%emt 0:00:01]} h6 {[%emt 0:00:02]} 7. g3 {[%emt 0:00:53]} d6 {[%emt 0:00:45]} 8. gxf4 {[%emt 0:00:02]} g4 {[%emt 0:00:01]} 9. Rg1 {[%emt 0:00:04]} Nge7 {[%emt 0:00:45]} 10. f5 {[%emt 0:00:16]} h5 {[%emt 0:00:33]} 11. Be3 {[%emt 0:00:06]} Na5 {[%emt 0:00:12]} 12. Bd3 {[%emt 0:00:38]} d5 {[%emt 0:00:01]} 13. Qd2 {[%emt 0:00:01]} dxe4 {[%emt 0:00:11]} 14. Nxe4 {[%emt 0:00:01]} Nxf5 {[%emt 0:00:00]} 15. Bg5 {[%emt 0:00:05]} Qd5 {[%emt 0:00:10]} 16. Bf6 {[%emt 0:00:12]} Nc4 {[%emt 0:00:23]} 17. Qf4 {[%emt 0:00:43]} O-O {[%emt 0:00:23]} 18. Bxg7 {[%emt 0:00:03]} Kxg7 {[%emt 0:00:06]} 19. Qg5+ {[%emt 0:00:02]} Kh8 {[%emt 0:00:02]} 20. Qxh5+ {[%emt 0:00:02]} 1-0

[Event "RUS-ch Men Blitz 2019"]
[Site "Sochi"]
[Date "2019.10.17"]
[Round "8.22"]
[White "Pogromsky, Mikhail"]
[Black "Gutenev, Alexander"]
[Result "0-1"]
[WhiteElo "2411"]
[BlackElo "2469"]
[Annotator "ChessBase"]
[PlyCount "98"]
[EventDate "2019.10.17"]
[EventType "swiss"]
[EventCountry "RUS"]
[SourceTitle "playchess.com"]
[Source "ChessBase"]
[SourceQuality "1"]
[TimeControl "180+2"]

1. Nf3 {[%emt 0:00:00]} Nf6 {[%emt 0:00:00]} 2. b3 {[%emt 0:00:00]} b6 {[%emt 0:00:00]} 3. g3 {[%emt 0:00:01]} g6 {[%emt 0:00:00]} 4. Bb2 {[%emt 0:00:01]} Bg7 {[%emt 0:00:01]} 5. Bg2 {[%emt 0:00:01]} Bb7 {[%emt 0:00:01]} 6. c4 {[%emt 0:00:01]} O-O {[%emt 0:00:01]} 7. O-O {[%emt 0:00:02]} e6 {[%emt 0:00:02]} 8. d4 {[%emt 0:00:06]} d5 {[%emt 0:00:20]} 9. Ne5 {[%emt 0:00:04]} Na6 {[%emt 0:00:02]} 10. Nc3 {[%emt 0:00:04]} Qe7 {[%emt 0:00:05]} 11. Rc1 {[%emt 0:00:07]} Rfd8 {[%emt 0:00:13]} 12. cxd5 {[%emt 0:00:08]} exd5 {[%emt 0:00:01]} 13. e3 {[%emt 0:00:17]} c6 {[%emt 0:00:06]} 14. Nb1 {[%emt 0:00:16]} Rac8 {[%emt 0:00:04]} 15. Bh3 {[%emt 0:00:04]} Rc7 {[%emt 0:00:03]} 16. Ba3 {[%emt 0:00:04]} c5 {[%emt 0:00:08]} 17. Nc3 {[%emt 0:00:03]} Qe8 {[%emt 0:00:15]} 18. Qe2 {[%emt 0:00:09]} cxd4 {[%emt 0:00:18]} 19. exd4 {[%emt 0:00:03]} Ne4 {[%emt 0:00:01]} 20. Nb5 {[%emt 0:00:28]} Rxc1 {[%emt 0:00:01]} 21. Rxc1 {[%emt 0:00:01]} Bxe5 {[%emt 0:00:32]} 22. dxe5 {[%emt 0:00:01]} Nac5 {[%emt 0:00:23]} 23. Nd4 {[%emt 0:00:36]} Qxe5 {[%emt 0:00:06]} 24. Bb2 {[%emt 0:00:02]} Qg5 {[%emt 0:00:16]} 25. Re1 {[%emt 0:00:16]} Ba6 {[%emt 0:00:02]} 26. Qe3 {[%emt 0:00:09]} Nd3 {[%emt 0:00:07]} 27. Re2 {[%emt 0:00:08]} Ndxf2 {[%emt 0:00:24]} 28. Bf1 {[%emt 0:00:26]} Bxe2 {[%emt 0:00:04]} 29. Qxe2 {[%emt 0:00:01]} Ng4 {[%emt 0:00:03]} 30. Nc2 {[%emt 0:00:04]} Qf5 {[%emt 0:00:03]} 31. Bd4 {[%emt 0:00:02]} Ng5 {[%emt 0:00:01]} 32. Bg2 {[%emt 0:00:03]} f6 {[%emt 0:00:03]} 33. Nb4 {[%emt 0:00:03]} Ne5 {[%emt 0:00:02]} 34. Bxd5+ {[%emt 0:00:03]} Rxd5 {[%emt 0:00:01]} 35. Nxd5 {[%emt 0:00:02]} Nef3+ {[%emt 0:00:02]} 36. Kg2 {[%emt 0:00:02]} Qxd5 {[%emt 0:00:03]} 37. Qe8+ {[%emt 0:00:03]} Kg7 {[%emt 0:00:03]} 38. Qe7+ {[%emt 0:00:03]} Kg8 {[%emt 0:00:06]} 39. Qe8+ {[%emt 0:00:00]} Kg7 {[%emt 0:00:02]} 40. Qe7+ {[%emt 0:00:01]} Nf7 {[%emt 0:00:06]} 41. Bxf6+ {[%emt 0:00:09]} Kh6 {[%emt 0:00:02]} 42. g4 {[%emt 0:00:07]} N3g5+ {[%emt 0:00:02]} 43. Kf2 {[%emt 0:00:01]} Ne4+ {[%emt 0:00:02]} 44. Kf1 {[%emt 0:00:03]} Qd1+ {[%emt 0:00:02]} 45. Kg2 {[%emt 0:00:01]} Qe2+ {[%emt 0:00:01]} 46. Kh3 {[%emt 0:00:02]} Qf3+ {[%emt 0:00:02]} 47. Kh4 {[%emt 0:00:01]} Qf2+ {[%emt 0:00:03]} 48. Kh3 {[%emt 0:00:00]} Neg5+ {[%emt 0:00:02]} 49. Bxg5+ {[%emt 0:00:02]} Nxg5+ {[%emt 0:00:00]} 0-1

[Event "RUS-ch Men Blitz 2019"]
[Site "Sochi"]
[Date "2019.10.17"]
[Round "8.23"]
[White "Jary, Sergey"]
[Black "Bryakin, Mikhail"]
[Result "0-1"]
[WhiteElo "2275"]
[BlackElo "2440"]
[Annotator "TA"]
[PlyCount "123"]
[EventDate "2019.10.17"]
[EventType "swiss"]
[EventCountry "RUS"]
[SourceTitle "playchess.com"]
[Source "ChessBase"]
[SourceQuality "1"]

{[%evp 13,123,-19,0,-29,-19,-42,-19,-35,-39,-71,-37,-45,-37,-52,-13,-17,-10,-20,-18,-68,-68,-71,-71,-64,-70,-119,-129,-214,-199,-206,-185,-209,-192,-207,-212,-224,-200,-216,-89,-245,-223,-233,0,-350,-349,-382,-265,-293,-18,-24,-30,-247,-234,-245,-182,-223,-232,-231,-214,-228,0,-197,-187,-281,-54,-356,-336,-435,-385,-467,-455,-547,-537,-610,-431,-575,-361,-527,-493,-522,-543,-581,0,-354,0,-597,-587,-750,-741,-1261,-1247,-29983,585,-96,-104,-131,-63,-131,0,-146,-8,-8,-1,-460,-435,-389,-402,-389,97,-87,8,9]} 1. d4 d5 2. Nf3 Nf6 3. g3 c6 4. Bg2 Bf5 5. Nbd2 e6 6. c4 h6 7. O-O Nbd7 8. Qb3 {D11: Slav Defence: 3 Nf3 sidelines and 3...Nf6 4 e3 Bg4} (8. b3 Bd6 9. Bb2 Qb8 10. Qc1 O-O 11. Ba3 b5 12. Bxd6 Qxd6 13. Qc3 bxc4 14. bxc4 Ne4 15. Nxe4 Bxe4 16. Rfc1 dxc4 17. Qxc4 {½-½ (37) Mareco,S (2645)-Vishnu,P (2510) Sharjah 2018}) 8... Qb6 9. c5 Qc7 10. Qc3 a5 11. b3 Be7 12. Bb2 $146 ({Predecessor:} 12. a3 O-O 13. b4 b5 14. Bb2 Ne4 15. Nxe4 Bxe4 {0-1 (52) Semiev,S (2319)-Gledura,B (2454) Budapest 2015}) 12... O-O 13. a3 Ne4 14. Nxe4 Bxe4 15. b4 Bf6 16. Ne5 Bxg2 $1 17. Kxg2 Bxe5 $1 18. dxe5 b6 19. f4 Rfb8 20. f5 (20. Rfc1 $17) 20... bxc5 $1 $19 {[%cal Ra5b4]} 21. bxc5 Rb5 22. fxe6 fxe6 23. Rac1 Nxc5 24. Ba1 a4 25. Qc2 Qe7 (25... Rc8 $19 {is more deadly. And now ...Ne4 would win.} 26. Qg6 Qe7) 26. Qg6 $2 (26. Bd4 $17 Nb3 27. Qxc6 {[%mdl 64] Double Attack}) 26... Rc8 27. Rc3 Qg5 $2 (27... Qe8 $19 28. Qxe8+ Rxe8) 28. Qf7+ $4 {[%mdl 8192]} (28. Qc2 $1 $11 Qe7 29. Rc1) 28... Kh7 29. Rcf3 Rb3 30. Bd4 Rxf3 $2 (30... Rb7 $19 31. h4 Qg4) 31. Rxf3 $11 Nb3 32. Bb2 $2 (32. Qxe6 $11 {and White is okay.} Rg8 33. e3) 32... Qg6 33. Qd7 Qe8 34. Qa7 Ra8 35. Qb7 Rb8 36. Qa7 Ra8 ({Resist} 36... Nd2 37. Rf7 $1 $17 {[%mdl 512]}) 37. Qb7 $1 {intending Rf7!} Nc5 $36 {[%mdl 2048] Black has strong initiative.} 38. Qc7 (38. Qb6 {might work better.} Ne4 39. Bd4) 38... Qd7 $2 ({Better is} 38... Kg8 $1 $19 {Hoping for ...Ne4.} 39. Qb6 Ne4) 39. Qb6 $2 {[%mdl 8192]} (39. Rf7 $15 Qxc7 40. Rxc7) 39... Ne4 $19 40. Qe3 Qe7 41. Bd4 Rb8 42. Qf4 c5 43. Bf2 Kg8 44. h3 Rf8 45. Qc1 (45. Qg4 $142) 45... c4 46. Bd4 Rb8 47. Qf4 Rf8 48. Qc1 $1 Rb8 $2 (48... Rxf3 49. exf3 Nc5) 49. Qf4 Rb3 50. g4 Qh4 51. Qf7+ Kh7 52. Qxe6 Qg5 $4 {[%mdl 8192]} (52... Rxf3 {avoids the disaster.} 53. exf3 Qg3+ 54. Kf1 Qxf3+ {[%mdl 64] Double Attack} 55. Kg1 Qd1+ 56. Kg2 Qd2+ 57. Kh1 Ng3+ 58. Kg1 Ne2+ {[%mdl 64] Double Attack} 59. Kh1 Qe1+ 60. Kg2 Nf4+ {[%mdl 64] Double Attack} 61. Kf3 Qf1+ 62. Kg3 Qd3+ $1 {[%mdl 576] Double Attack} 63. Kf2 Qxd4+ 64. Ke1 Qe3+ $1 {[%mdl 576] Double Attack} 65. Kd1 Qe2+ 66. Kc1 Nd3+ {[%mdl 64] Double Attack} 67. Kb1 Qb2#) 53. Qf5+ $2 ({White should play} 53. Rf8 $18 {Qg8+ would kill now.} h5 54. Qc8 hxg4 55. Rh8+ Kg6 56. Qe8+ (56. hxg4 Rg3+ {[%mdl 64] Double Attack} 57. Kh1 Qxg4 $11) (56. Qe6+ Nf6 $17) 56... Kf5 57. Rh5 Rg3+ 58. Kf1 gxh3 59. Qd7+ {[%mdl 64] Double Attack} Kg6 60. Rxg5+ Nxg5 61. Bg1) 53... Qxf5 $17 54. gxf5 {[%mdl 4096] Endgame KRB-KRN} Kg8 {...c3 is the strong threat.} 55. e6 Nf6 (55... Kf8 $17 56. Be5 c3) 56. Bc5 (56. Rxb3 $11 {keeps the balance.} cxb3 57. Kf3) 56... Rxf3 ({Black should try} 56... Rb2 $17 {Strongly threatening ...Ne4.} 57. Re3 Rb3) 57. Kxf3 {KB-KN} Ne4 58. Bb4 $2 {[%mdl 8192]} (58. Bd4 $1 $11) 58... c3 $19 59. Ke3 {next Kd3 is good for White.} c2 60. Bd2 {[#] Black should prevent Kd3.} h5 $2 (60... Nc5 $1 $19 {White must now prevent ...Kf8.} 61. Kd4 Nb3+ {[%mdl 64] Double Attack} 62. Kc3 c1=Q+ 63. Bxc1 Nxc1) 61. Bc1 $2 (61. Kd3 $16 {is forced if you want to stay better.}) 61... h4 (61... Ng3 $17) 62. Kd3 {[%mdl 32768] Accuracy: White = 18%, Black = 46%. . Sensor Board Error (Ke4/e5)?} 0-1

[Event "RUS-ch Men Blitz 2019"]
[Site "Sochi"]
[Date "2019.10.17"]
[Round "8.24"]
[White "Cherednichenko, Dmitrij"]
[Black "Oganian, Miran"]
[Result "0-1"]
[WhiteElo "2193"]
[BlackElo "2436"]
[Annotator "TA"]
[PlyCount "54"]
[EventDate "2019.10.17"]
[EventType "swiss"]
[EventCountry "RUS"]
[SourceTitle "playchess.com"]
[Source "ChessBase"]
[SourceQuality "1"]

{[%evp 14,54,8,1,12,6,24,0,0,0,13,0,0,0,0,0,58,55,66,22,22,16,57,5,8,20,18,12,14,22,85,98,97,94,94,-402,-5,-554,-575,-512,-556,-29998,-29999]} 1. e4 c5 2. Nf3 g6 3. d4 cxd4 4. Qxd4 Nf6 5. Nc3 Nc6 6. Qa4 d6 7. e5 dxe5 8. Nxe5 {And now Bc4 would win.} Bd7 {B27: Sicilian: 2 Nf3, unusual Black 2nd moves} 9. Nxd7 Qxd7 (9... Nxd7 {is more complex.} 10. Bb5 Bg7 11. O-O O-O 12. Rd1 Qc8) 10. Bd3 (10. Be2 Bg7 11. O-O O-O 12. Rd1 Qf5 13. Bd3 Qh5 14. Qb5 Qxb5 15. Bxb5 Nb4 16. Ba4 {1-0 (60) Guseinov,G (2664)-Gordievsky,D (2614) St Petersburg 2018}) 10... Bg7 {The position is equal.} 11. O-O O-O 12. Bg5 a6 $146 ({Predecessor:} 12... Qg4 13. Qxg4 Nxg4 14. Rfe1 Bd4 15. Bh4 Be5 16. h3 {½-½ (36) Malkin,J-Ridge,M (1898) Ayr 2016}) 13. Rad1 Qc8 14. Rfe1 e6 (14... Rd8 $11) 15. Qh4 $14 Nd5 16. Nxd5 exd5 17. c3 Ne5 18. Be2 (18. Bf1 $14) 18... Qc6 $1 $11 19. Bh6 Bxh6 20. Qxh6 Rfe8 21. Rd4 Nc4 (21... Nd7 $11) 22. Rh4 $36 {[%mdl 2048] White is in control.} Qf6 23. Qxh7+ Kf8 24. Rd1 $2 {[%mdl 8192]} (24. g3 $16 {and life is bright.}) 24... Nxb2 $2 (24... Rxe2 $19 25. Qh8+ {[#]} Ke7 $1 {[%mdl 512]} 26. Qxf6+ Kxf6) 25. Rb1 $2 {[%mdl 8192]} (25. Rd2 $11 Nd1 26. Qh6+ (26. Qh8+ Qxh8 27. Rxh8+ Kg7 $15) 26... Qg7 27. Qxg7+ (27. Rxd1 Qxh6 28. Rxh6 Kg7 $15) (27. Qh8+ Qxh8 28. Rxh8+ Kg7 $15) 27... Kxg7 28. c4) 25... Rxe2 $19 26. Qh8+ {[#]} Ke7 $1 27. Qxa8 Qxf2+ {[%mdl 64] Double Attack. Accuracy: White = 34%, Black = 46%.} 0-1

[Event "RUS-ch Men Blitz 2019"]
[Site "Sochi"]
[Date "2019.10.17"]
[Round "8.25"]
[White "Skvortsov, Andrei"]
[Black "Airapetian, Gor"]
[Result "1-0"]
[WhiteElo "2139"]
[BlackElo "2447"]
[Annotator "TA"]
[PlyCount "145"]
[EventDate "2019.10.17"]
[EventType "swiss"]
[EventCountry "RUS"]
[SourceTitle "playchess.com"]
[Source "ChessBase"]
[SourceQuality "1"]

{[%evp 9,144,26,23,18,18,18,18,0,0,0,8,0,19,-14,12,0,9,4,10,-45,0,-6,-6,4,4,0,4,2,-2,-22,-8,-39,13,-11,12,9,8,4,8,6,27,37,30,30,64,50,52,56,66,11,10,30,109,108,139,123,149,44,204,212,214,138,192,184,202,149,273,286,302,263,260,247,254,257,329,329,367,353,352,269,288,295,286,212,235,231,216,200,258,262,231,243,250,252,281,275,261,216,218,225,254,233,301,261,306,240,183,29,30,26,235,21,21,14,22,0,16,14,34,34,62,62,281,220,351,354,350,348,484,454,648,634,795,770,29983,29984,29999]} 1. e4 c6 2. e5 d5 3. exd6 Qxd6 (3... exd6 4. d4 Nf6 5. Nf3 d5 6. c3 Bd6 7. Bd3 Qe7+ 8. Qe2 Qxe2+ 9. Kxe2 O-O 10. Re1 {½-½ (23) Jovanovic,Z (2534)-Stevic,H (2616) Mali Losinj 2017}) 4. d4 Bf5 5. Nf3 e6 6. Bd3 $146 {B10: Caro-Kann: 2 d3 and 2 c4} ({Predecessor:} 6. b3 Qc7 7. Bd3 Bxd3 8. Qxd3 Nd7 9. O-O Ngf6 10. c4 {0-1 (37) Sewarte,J (1728)-Rodemann,E (1795) Dortmund 2015}) 6... Bxd3 7. Qxd3 Nf6 8. Nbd2 {The position is equal.} Be7 9. Nc4 Qd5 10. O-O O-O 11. Bf4 Nbd7 12. Ne3 (12. Rfe1 {feels hotter.} Nh5 13. Be3 Nhf6 14. c3 Rac8 15. Rad1) 12... Qe4 13. Qxe4 Nxe4 14. c4 (14. Rfe1 $11) 14... Rfd8 (14... g5 $5 {[%cal Rg5f4]} 15. Bc7 Rac8 $11) 15. Rfd1 g5 16. Bc7 Rdc8 17. Ba5 b6 18. Be1 Bf6 19. Ng4 Bg7 20. h3 b5 (20... Rd8 $15) 21. Rac1 bxc4 22. Rxc4 Nb6 23. Rc2 c5 24. dxc5 Rxc5 (24... h5 $5 {[%cal Rh5g4]} 25. Ne3 Rxc5 $11) 25. Rxc5 Nxc5 26. Nxg5 h6 27. b4 Nca4 28. Nf3 $1 $36 {[%mdl 2048] White has some pressure.} Rc8 29. Bd2 ({Better is} 29. Ne3 $14) 29... h5 $11 30. Ne3 Nb2 (30... Nc3 $11 31. Bxc3 Rxc3) 31. Rc1 $16 Rd8 32. Rc2 Nd3 33. a3 (33. Kf1 $16) 33... Na4 $2 (33... Bb2 $14) 34. Rc7 $18 a6 35. Nc4 Nc3 (35... Ndb2 $16 36. Nxb2 Bxb2) 36. Bg5 Rb8 37. Ra7 Rc8 (37... Ne4 $16 {is a better defense.}) 38. Nd6 {[%mdl 64] [#] Double Attack} Rf8 39. Be7 Rb8 40. Rxa6 Nd5 41. Bg5 f6 42. Bd2 e5 43. Nf5 Bf8 44. Ne1 Nb2 45. Nc2 Nc4 46. Be3 Rc8 47. Kf1 Kf7 48. Ke2 Kg6 49. g4 hxg4 50. hxg4 Nb2 51. Ne1 Nc3+ 52. Kf1 {Intending Ra7 and mate.} Nd5 53. Nh4+ Kf7 54. Ra7+ Kg8 55. Ng6 Nxe3+ 56. fxe3 Nc4 57. Ng2 Rd8 58. Ne7+ $2 (58. N2h4 $18) 58... Bxe7 $1 $11 59. Rxe7 {[%mdl 4096] Endgame KRN-KRN} Rd3 $2 (59... Ra8 $11 {and Black stays safe.}) 60. Rc7 $2 (60. a4 $18) 60... Nxa3 61. Ke2 Rb3 62. Rb7 Rb2+ 63. Kf3 Nc4 64. Nh4 Nd2+ 65. Ke2 {Strongly threatening Kd3.} Ne4+ $2 {[#]} (65... e4 $1 $14) 66. Kd3 $1 $18 {[%cal Rd3e4]} Nf2+ (66... Nc5+ {keeps fighting.} 67. Kc3 Nxb7 68. Kxb2 Kf7) 67. Kc4 Nxg4 68. Nf5 Kf8 69. b5 Rf2 (69... Nf2 $142 70. Kd5 Nd3) 70. e4 Rc2+ 71. Kd5 {Hoping for Ke6.} Rd2+ 72. Ke6 Re2 73. Rb8# {Accuracy: White = 44%, Black = 27%.} 1-0